01540nam a22004097a 4500003000500000005001700005008004100022010001000063011001000073035001000083040000900093090001000102100004400112245005300156260004000209300002200249502008100271590003700352590004100389590004100430590004100471590004100512590004200553650004200595650004000637650002200677700003400699700004900733710004500782901000700827942001000834949004600844949005200890949004300942999001700985952012801002CHAP20220329141203.0971010s1986 r 00010 d a64027 a64999 a71158 cCHAP aTesis00aPeñaloza Rodríguez, Armando.986878 aAscitis y su control parcial en pollo de engorda aChapingo, Méx. :bEl autor,c1986 a76 h.b; gráfs. aTesis (Ing. Agrónomo Esp. en Zootecnia) -- UACH. Departamento de Zootecnia aALEPHb10c20130110lUCH01h1348 aBATCH-UPDb10c20130110lUCH01h0615 aBATCH-UPDb10c20130110lUCH01h2312 aBATCH-UPDb10c20130410lUCH01h0258 aBATCH-UPDb10c20130914lUCH01h0448 aCONVERSIONb10c20130109lUCH01h133514aAves de corralxAlimentación.9863814aAves de corralxEnfermedades.9864614aHidropsia.9552810 aRoa Castro, Francisco.9978380 aSánchez Larraguível, J. Jesús.91076390 aUACH. Departamento de Zootecnia.9115904 aBK cTESIS aP387bZcTESBDd-3757eTS1h556i71158si aP387bZcTESBDd-83935eTS2fc.2h557i71158si bBCcTESd-116184eTS1h19407i71158si c64027d64027 00102local4051708TESISaBCbBCcPA_TESISd2019-12-31fTESISl0oTesisp-116184r2019-12-31 00:00:00w2019-12-31yTESIS